El SELA: presente y futuro de la cooperación económica intralatinoamericana /
Збережено в:
| Співавтори: | , |
|---|---|
| Формат: | Текст |
| Опубліковано: |
Buenos Aires:
INTAL
|
| Теги: |
Додати тег
Немає тегів, Будьте першим, хто поставить тег для цього запису!
|
MARC
| LEADER | 00000 a a2200000 04500 | ||
|---|---|---|---|
| 001 | 25504 | ||
| 003 | |||
| 040 | |||
| 090 | |a 152904 | ||
| 110 | |a Instituto para la integración de América Latina | ||
| 245 | |a El SELA: presente y futuro de la cooperación económica intralatinoamericana / |c Instituto para la integración de América Latina | ||
| 260 | |a Buenos Aires: |b INTAL | ||
| 300 | |a 274 p |b **no definido** | ||
| 710 | |a INTAL |a BID | ||
| 999 | |c 14199 |d 14199 | ||
